000 00621nam a2200193 a 4500
001 000010271
005 20240412074216.0
008 091006s1976 dr a 001 0 spa d
040 _aDO-SdBNP
_bspa
_cBNPHU
082 _aRD861.44
_bE92d
100 1 _aEvangelista, Enriquillo
_925289
245 1 0 _aDialogando con la tristeza :
_b(poesías) /
_cEnriquillo Evangelista.
260 _aSanto Domingo :
_bÁngel,
_c1976.
300 _a57 p. :
_bil ;
_c22 cm.
500 _aIncluye datos biográficos del autor en la contracubierta
650 0 _aPoesía dominicana
_966
650 0 _aLiteratura dominicana.
_967
049 _aBNPD
999 _c10030
_d10030